المنصف في نقد الشعر وبيان سرقات المتنبي ومشكل شعره / (Record no. 6702)
[ view plain ]
| 000 -الفاتح | |
|---|---|
| حقل البيانات ثابتة الطول | 01425nac a22002531u 4500 |
| 003 - محدد رقم الضبط | |
| رقم الضبط | EG-ScBUE |
| 005 - وقت وتاريخ اخر تعامل مع التسجيلة | |
| رقم الضبط | 20201108115936.0 |
| 008 - عناصر البيانات ثابتة الطول - معلومات عامة | |
| حقل البيانات ثابتة الطول | 110927s1982 sy f b 0001p aara d |
| 040 ## - مصدر الفهرسة | |
| وكالة الفهرسة الأصلية | EG-ScBUE |
| لغة الفهرسة | ara |
| قواعد الوصف | rda |
| وكالة النسخ | EG-ScBUE |
| وكالة التعديل | EG-ScBUE |
| 082 04 - رقم تصنيف ديوى العشرى | |
| رقم التصنيف | 892.7134 |
| رقم المادة | ت ن ي |
| رقم الطبعة | 22 |
| 100 1# - المدخل الرئيسى - إسم شخصى | |
| الإسم الشخصى | التنيسيى، |
| الشكل الأكمل للاسم | أبي محمد الحسن بن علي بن وكيع التنيسيى |
| التواريخ المصاحبة للاسم | ت 393، |
| الدور | مؤلف. |
| 9 (RLIN) | 27730 |
| 245 12 - بيان العنوان | |
| العنوان | المنصف في نقد الشعر وبيان سرقات المتنبي ومشكل شعره / |
| بيان المسئوليه,etc | لأبي محمد الحسن بن علي بن وكيع التنيسيي ؛ قرأه وقدم له وعلق عليه الدكتور محمد رضوان الداية، الأستاذ في كلية الآداب بجامعة دمشق والأستاذ في جامعة الإمارات العربية المتحدة. |
| 264 #1 - النشر، التوزيع | |
| مكان الناشر او الموزع | دمشق : |
| اسم الناشر او الموزع | دار قتيبة للطباعة والنشر والتوزيع، |
| تاريخ النشر أو التوزيع | 1982. |
| 300 ## - الوصف المادى | |
| التعداد | 788 صفحة ؛ |
| أبعاد الوعاء | 24 سم |
| 336 ## - نوع المحتوى | |
| source | rdacontent |
| Carrier Type Term | نص |
| Content Type Code | txt |
| 337 ## - نوع الوسيط | |
| source | rdamedia |
| Media Type Term | بدون وسيط |
| Media Type Code | n |
| 338 ## - نوع الحامل أو الناقل | |
| source | rdacarrier |
| Carrier Type Term | مجلد |
| Carrier Type Code | nc |
| 504 ## - تبصرة ببليوجرافية | |
| تبصرة ببليوجرافية,الخ | يشتمل على إرجاعات ببليوجرافية وكشافات. |
| 650 #7 - المدخل الاضافى بالموضوع-مصطلح موضوعى | |
| مصطلح موضوعي أو اسم جغرافي كعنصر مدخل | الشعر العربي |
| التقسيم الفرعي العام | تاريخ ونقد. |
| مصدر الرأس أو المصطلح | BUEsh |
| 9 (RLIN) | 15412 |
| 653 ## - مصطلح تكشيفى غير مقيد | |
| Resource For college | Arabic Literature |
| Arrived date list | November2020 |
| 655 ## - مصطلح تكشيفى-نوع/شكل | |
| التقسيم الفرعي الشكلي | Reading book |
| -- | 34232 |
| 700 ## - المدخل الاضافى - اسم شخصى | |
| الإسم الشخصى | الداية، محمد رضوان، |
| الدور | مقدم. |
| 9 (RLIN) | 27382 |
| 942 ## - عناصر المدخل الإضافي( كوها) | |
| Koha [default] item type | Book - Borrowing |
| سابقة رقم الطلب | 811.9 ت ن ي |
| مصدر التصنيف او مخطط الترفيف | Dewey Decimal Classification |
| حالة التراجع | حالة الفقد | مصدر التصنيف او خطة الترفيف | حالة تلف | ليس للاعارة | مجموعات كوها | المكان الدائم | المكان الحالي | موقع الترفيف | تاريخ الاكتساب | رقم الاستدعاء | الباركود | Date last seen | نوع الوعاء | مُعار |
|---|---|---|---|---|---|---|---|---|---|---|---|---|---|---|
| Dewey Decimal Classification | Alef-Baa | Central Library | Central Library | Second Floor | 13/11/2011 | 892.7134 ت ن ي | 000008402 | 15/07/2025 | Book - Borrowing | |||||
| Dewey Decimal Classification | Alef-Baa | Central Library | Central Library | Second Floor | 19/07/2010 | 892.7134 ت ن ي | 000021481 | 15/07/2025 | Book - Borrowing | |||||
| Dewey Decimal Classification | Baccah | Central Library | Central Library | Second Floor | 14/11/2011 | 892.7134 ت ن ي | 000025633 | 15/07/2025 | Book - Borrowing | 23/11/2021 |